| 000 | 00630nam a2200253Ia 4500 | ||
|---|---|---|---|
| 008 | 170711s9999 xx 000 0 und d | ||
| 020 | _a9780545849371 | ||
| 050 | _a920.72 | ||
| 050 | _bN892 2015 | ||
| 100 | _aNorwich, Grace | ||
| 245 | 4 | _aThe real princess diaries / | |
| 245 | _cGrace Norwich. | ||
| 260 | _aNew York : | ||
| 260 | _bScholastic, | ||
| 260 | _c2015 | ||
| 300 | _a95 pages : | ||
| 300 | _bcolored illustrations ; | ||
| 300 | _c23cm. | ||
| 650 | _aPrincess -- | ||
| 650 | _aPrincess -- | ||
| 650 | _xBiography. | ||
| 650 | _xSocial life and customs -- Juvenile literature. | ||
| 700 | _aTitle. | ||
| 999 |
_c339977 _d339977 |
||